01452nam a2200289 a 4500001001000000003000900010005001700019008003600036040002600072082002700098111011000125245018000235260003500415300003500450500007500485504003000560505021400590650005200804650004000856650002100896650003800917700003300955700002300988710004701011710005101058710005301109000025500DO-SdBNP20221010095219.0110217s2001 dr ac 001 0 spa d aDO-SdBNPbspacBPMSU  a323.4bS471d 20012222 aSeminario Internacional Sobre los Derechos Humanos en el Siglo XXId( 2001 : 21de junio cSanto Domingo )14aEl derecho a una vida digna :bproyecto de promoción de los derechos humanos en el Caribe y América Central (PRODERS) /cRubén Silié ... [et al.] ; editor Eddy Tejeda. aSanto Domingo :bFLACSO,c2001 a81 p. :bil., retrs. ;c21 cm. a Incluye referencias bibliográficas y notas al pie de las páginas  aBibliografía : p.77-78.0 gIntroducción --tLa protección internacional de los derechos humanos --tLas marcas de guerra en América Latina --tIntolerancia, impunidad y exclusión en el Caribe --tConclusión --gBibliografía. 4aDerechos humanosxCongresos, conferencias, etc. 4aViolación de los derechos humanos 4aDerechos civiles 4aDerechos económicos y sociales.1 aSilié, Rubénd1946-eed.1 aTejeda, Eddy,eed.2 aFLACSO, Programa (República Dominicana)z aFLACSO (Organización).b Programa Dominicanoz aFLACSO (Organización).bRepública Dominicana